Mikrogeographische Marktsegmentierung
Gespeichert in:
| 1. Verfasser: | |
|---|---|
| Format: | Buch |
| Sprache: | Deutsch |
| Veröffentlicht: |
Wiesbaden
Deutscher Universitäts Verlag
1992
|
| Ausgabe: | 1. Aufl. |
| Schlagworte: | |
| Tags: |
Keine Tags, Fügen Sie das erste Tag hinzu!
|
MARC
| LEADER | 00000nam a2200000 4500 | ||
|---|---|---|---|
| 001 | c010979 | ||
| 005 | 20221206083400.9 | ||
| 020 | |a 3-8244-0124-X | ||
| 041 | 0 | |a ger | |
| 044 | |a DE | ||
| 245 | 1 | 0 | |a Mikrogeographische Marktsegmentierung |c Michael Martin |
| 250 | |a 1. Aufl. | ||
| 264 | 1 | |a Wiesbaden |b Deutscher Universitäts Verlag |c 1992 | |
| 300 | |a 423 s. | ||
| 610 | 2 | 0 | |a trh |
| 610 | 2 | 0 | |a stratégia marketingová |
| 610 | 2 | 0 | |a geografia |
| 610 | 2 | 0 | |a segmentácia trhu |
| 610 | 2 | 0 | |a marketing |
| 610 | 2 | 0 | |a banky dát |
| 610 | 2 | 0 | |a výskum |
| 610 | 2 | 0 | |a plánovanie |
| 610 | 2 | 0 | |a výskum trhu |
| 100 | 1 | |a Martin, Michael | |